000 00477nam a2200205Ia 4500
005 20240823014709.0
008 240823s9999||||xx |||||||||||||| ||und||
020 _a81-87834-06-4
041 _aENGLISH
082 _A297.544
100 _aAbrar Nari
245 0 _aMischievous Hanuman
250 _a1st
260 _b"Seasons Pub,Ch"
_aChennai
500 _aTransfered
650 _aStory
_bGeneral
700 _a Rudra Prasad Warrier
942 _cBK
999 _c170689
_d170689